000 00222nam a22000857a 4500
008 160705b xxu||||| |||| 00| 0 eng d
100 _92085
_a Roy, J
245 _aWild Woodnotes
260 _aNew Delhi
_bNational Book Trust
_c1982
999 _c1781
_d1781